| 000 | 00483nam a2200181Ia 4500 | ||
|---|---|---|---|
| 008 | 240925s9999 xx 000 0 und d | ||
| 020 | _a8120329481 | ||
| 082 | _a658.4058 SCH | ||
| 100 | _aSchniederjans, Marc J. | ||
| 245 | 0 | _aOutsourcing and insoursing in an international context | |
| 250 | _aNA | ||
| 260 |
_aNew Delhi: _bPHI Learning _c,2006. |
||
| 300 |
_a474p. _bN.A _fOriginal |
||
| 500 | _aIncludes Index | ||
| 600 | _aManagement | ||
| 650 | _aManagement | ||
| 942 | _cBK | ||
| 999 |
_c17701 _d17701 |
||